Herkules s prepichnutou hruďou Košický silák J. Barbarič sa chce nechať prejsť 316 automobilmi Škoda Fabia

Bibliographic Details
Main Author: Sambor, Miroslav (Author)
Format: Article
Language:Slovak
Subjects:

MARC

LEADER 00000nab a2200000 a 4500
001 vtls000905589
003 SK-MaSNL
005 20260302172152.0
008 040720e20000904xo 0 slo
035 |a KE14536 
040 |a KEVKJB  |b slo  |c KEVKJB  |e AACR2 
041 0 |a slo 
044 |a xo  |c SK 
080 |a 796.015.52  |2 1981 
080 |a 929  |2 1981 
100 1 |a Sambor, Miroslav  |4 aut  |9 872736 
245 1 0 |a Herkules s prepichnutou hruďou  |b Košický silák J. Barbarič sa chce nechať prejsť 316 automobilmi Škoda Fabia 
590 |a Barbarič, Juraj  |b košický herkules, držiteľ guinnessových rekordov 
600 1 7 |a Barbarič, Juraj,  |d 1958-  |2 KEVKJB  |9 223133 
650 0 7 |a rekordy silové  |2 KEVKJB  |9 877255 
650 0 7 |a informácie  |2 KEVKJB  |9 1285 
651 7 |a Košice (Slovensko)  |2 KEVKJB  |9 18694 
651 7 |a KE,  |2 KEVKJB  |9 877256 
655 7 |a periodikum  |2 snkbucl  |9 29553 
773 0 8 |t Košický večer  |g Roč. 11  |g Roč. 32, č.168, 4.9.2000, s. 3 
852 |a ZVYKNI  |b KIS3GCP 
999 |c 1398076  |d 1400006